000 00456nam a22001217a 4500
082 _a200 THE
100 _aALAM ZEB
_969983
245 _aTH-SOF-1371-Development of an Operational Framework for Cellular Manufacturing System Using Hybrid Genetic Algorithm
260 _aIslamabad
_bNUST College of EME
_c2017
650 _aPHD ENGINEERING MANAGEMENT-2017 PHD
_969984
700 _aSUPERVISOR DR MUSHTAQ KHAN, CO-SUPERVISOR DR NAWAR KHAN
_969985
942 _cCF
999 _c577048
_d577048